Maulana Hamiduddin Farahi ki zabano adab main khimaat (Record no. 976556)

MARC details
000 -LEADER
fixed length control field 00801nam a2200253Ia 4500
003 - CONTROL NUMBER IDENTIFIER
control field OSt
005 - DATE AND TIME OF LATEST TRANSACTION
control field 20221005070649.0
008 - FIXED-LENGTH DATA ELEMENTS--GENERAL INFORMATION
fixed length control field 221004b |||||||| |||| 00| 0 urd d
020 ## - INTERNATIONAL STANDARD BOOK NUMBER
International Standard Book Number 9788191072273 (hbk)
037 ## - SOURCE OF ACQUISITION
Terms of availability Textual
040 ## - CATALOGING SOURCE
Original cataloging agency CRL
Transcribing agency CRL
Language of cataloging urd
041 ## - LANGUAGE CODE
Source of code urd
Language code of text/sound track or separate title urd
100 ## - MAIN ENTRY--PERSONAL NAME
Personal name Aarif Mohammad Au.
9 (RLIN) 605823
245 #0 - TITLE STATEMENT
Title Maulana Hamiduddin Farahi ki zabano adab main khimaat
260 ## - PUBLICATION, DISTRIBUTION, ETC.
Place of publication, distribution, etc. New Delhi
Name of publisher, distributor, etc. Adab publishing house India
Date of publication, distribution, etc. 2016
300 ## - PHYSICAL DESCRIPTION
Extent 312p.
Dimensions cm.
650 ## - SUBJECT ADDED ENTRY--TOPICAL TERM
Topical term or geographic name entry element QURAN
9 (RLIN) 33479
942 ## - ADDED ENTRY ELEMENTS (KOHA)
Classification part Q7:21wM63, 168Q6
Koha item type Textual
Source of classification or shelving scheme
Holdings
Withdrawn status Lost status Damaged status Not for loan Home library Current library Date acquired Source of acquisition Total Checkouts Full call number Barcode Date last seen Price effective from Koha item type
        Central Library Central Library 2022-10-05 4920, 25/02/2017, Kitabi Duniya   Q7:21wM63 168Q6 CL1639196 2022-10-05 2022-10-05 Textual
Copyright @ Delhi University Library System